Gramática española

Gespeichert in:
Bibliographische Detailangaben
1. Verfasser: Sin autor
Format: keine Angabe
Sprache:Spanisch
Erschienen: Barcelona Editorial FTD 1929
Ausgabe:8a ed.
Katalog:MANES:  Suchergebnis im Bibliothekskatalog
Schulbuchspezifische Eigenschaften:
Tags: Tag hinzufügen
Keine Tags, Fügen Sie den ersten Tag hinzu!
Hinzugefügt zu:26.04.2016
Geändert in:20.11.2024

MARC

LEADER 000000000a22000000004500
001 35001
003 OSt
005 20241121020259.0
008 160427s sp ||||| |||| 00| 0 spa d
040 |a manes  |c manes 
041 |a Español 
100 1 |a Sin autor  |9 17576 
245 0 0 |a Gramática española 
250 |a 8a ed. 
260 3 |a Barcelona  |b Editorial FTD  |c 1929 
300 |a 128 p.  |c 20 cm 
500 |a Signatura: T45/53. Enc. hol. editorial. Ex-libris ms. de Encarnación Alvarez. 
690 0 |a LEN 
691 0 |a SE 
942 |2 ddc  |c BK 
546 |a España 
999 |c 41999  |d 41999 
999 |c manes:41999  |d 41999